The buildings of Detroit (Record no. 36339)

MARC details
000 -LEADER
fixed length control field 00512nam a2200145 a 4500
008 - FIXED-LENGTH DATA ELEMENTS--GENERAL INFORMATION
fixed length control field 120416s0000 ||||||||||||||||| || u
020 ## - INTERNATIONAL STANDARD BOOK NUMBER
International Standard Book Number 0814313337
050 ## - LIBRARY OF CONGRESS CALL NUMBER
Classification number NA 4413.D4 Fer
100 ## - MAIN ENTRY--PERSONAL NAME
Personal name Ferry, Hawkins W
245 14 - TITLE STATEMENT
Title The buildings of Detroit
246 ## - VARYING FORM OF TITLE
Title proper/short title a history
260 ## - PUBLICATION, DISTRIBUTION, ETC.
Place of publication, distribution, etc. Detroit
Name of publisher, distributor, etc. Wayne State University Press
Date of publication, distribution, etc. 1968
350 ## - PRICE (NR) (BK AM CF MU VM SE) [OBSOLETE]
Price 0.00
995 ## - RECOMMENDATION 995 [LOCAL, UNIMARC FRANCE]
-- 0.00
-- CBU-MAIN LIBRARY (Kitwe)
-- 1
-- 75.00
-- 1
-- AVAILABLE
-- Annex Low-Usage Collection
Holdings
Withdrawn status Lost status Source of classification or shelving scheme Damaged status Not for loan Home library Current library Shelving location Date acquired Total Checkouts Full call number Barcode Date last seen Price effective from Koha item type
          CBU-MAIN LIBRARY, KITWE. CBU-MAIN LIBRARY, KITWE.   11/30/2022   NA 4413.D4 Fer 026994 11/30/2022 11/30/2022 MONOGRAPH